Datum a čas kvízu
24
Celkem bodů
Celkový počet nahraných bodů na tomto kvízu bez doplňovacích otázek.
5.
Pořadí na kvízu
Konečné umístění týmu na tomto kvízu.
Zaznamenané odpovědi
| # | Otázka | Odpověď | Body | Výsledky |
|---|---|---|---|---|
| 1. | V posledních týdnech se do Čes... | spalničky | 0 | |
| 2. | Nepálské úřady minulý týden oz... | C) pytlíkem na výkaly | 1 | |
| 3. | V přepočtu asi 40 milionů koru... | The Beatles | 1 | |
| 4. | Která automobilka získala s je... | Mercedes | 0 | |
| 5. | Který útočník minulý týden dok... | Martin Nečas. | 0 | |
| 6. | Vítězné téma facebookového hla... | 1B 2D 3A 4C | 1 | |
| 7. | Dne 4. ledna 1997 došlo ke sňa... | Havel, Veškrnová | 0 | |
| 8. | Říká vám něco jméno herečky Šá... | Irenka (Irena) | 0 | |
| 9. | V roce 1994 vyšel první díl he... | Tekken | 1 | |
| 10. | Ke které obci se v souvislosti... | Drnovice | 0 |